000 01003nam a2200301 i 4500
001 bg
100 1 _aMANTEUFFEL SZOEGE, Henryk
245 1 0 _aElementy ekonomiki gospodarowania wodą w rolnictwie /
_cHenryk Manteuffel Szoege.
260 _aWarszawa :
_bWydaw. SGGW [Szkoły Głównej Gospodarstwa Wiejskiego],
_c2002.
300 _a228 s. :
_bil., mapy ;
_c24 cm.
504 _aBibliogr.
650 9 _aKanalizacja
_xeksploatacja
650 9 _aMelioracje rolne
_xekonomika
650 9 _aNawadnianie
_xekonomika
650 9 _aRachunek ekonomiczny
_xrolnictwo
650 9 _aWieś
_xhigiena
650 9 _aWoda
_xgospodarka
_xekonomika
650 9 _aWodociągi
_xeksploatacja
655 _aPodręczniki akademickie
020 _a8372443823
040 _cBPK
041 0 _apol
080 _a631.6:631.16:628.1/.3](075.8)
920 _a83-7244-382-3
942 _cKS
008 s pl f |000 0 pol
999 _c44339
_d44339
856 _uhttp://koha.tu.koszalin.pl/cgi-bin/koha/opac-detail.pl?biblionumber=44339
_yKatalog online BPK